Understanding artificial intelligence /
Guardado en:
| Autor Principal: | |
|---|---|
| Autor Corporativo: | |
| Otros Autores: | |
| Formato: | Libro |
| Idioma: | English |
| Publicado: |
Indianapolis, IN :
H.W. Sams & Co.,
c1985.
|
| Series: | Sams understanding series
|
| Materias: | |
| Etiquetas: |
Agregar Etiqueta
Sin Etiquetas, Sea el primero en etiquetar este registro!
|
| LEADER | 00988nam a22002535a 4500 | ||
|---|---|---|---|
| 001 | EIQ.libpla000081 | ||
| 008 | 850509s1985####inua#####b####001#0#eng#d | ||
| 005 | 20060829154905.0 | ||
| 245 | 1 | 0 | |a Understanding artificial intelligence / |c written by Henry C. Mishkoff ; foreword by Edward A. Feigenbaum ; interviews and contributions by Bruce G. Buchanan ... [et al.]. |
| 260 | |a Indianapolis, IN : |b H.W. Sams & Co., |c c1985. | ||
| 300 | |a vi, 258 p. : |b il. (algunas col.) ; |c 23 cm. | ||
| 440 | 0 | |a Sams understanding series | |
| 504 | |a Bibliografía: p. 247-249. | ||
| 500 | |a Incluye índice. | ||
| 020 | |a 0672270218 (pbk.) | ||
| 100 | 1 | |a Mishkoff, Henry C. | |
| 700 | 1 | |a Buchanan, Bruce G. |4 ctb | |
| 710 | 2 | |a Texas Instruments Information Publishing Center. | |
| 082 | 0 | 0 | |a 006.3 |2 19 |
| 650 | 4 | |a Inteligencia artificial |x Teoría. | |
| 650 | 4 | |a Artificial intelligence |x Theory. | |
| 010 | |a 85051164 | ||
| 040 | |a DLC |c DLC |d AR-BbSID | ||
| 859 | |a AR-BbSID |b BIB. PLAPIQUI |h 066.319 |i Mis 68 |p 3526 | ||
